El crimen fue en Granada

Αποθηκεύτηκε σε:
Λεπτομέρειες βιβλιογραφικής εγγραφής
Κύριος συγγραφέας: Lara, José Gerardo Manrique de
Μορφή: Βιβλίο
Γλώσσα:Undetermined
Έκδοση: Madrid, España Asociación de Escritores y Artistas Españoles 1985
Θέματα:
Ετικέτες: Προσθήκη ετικέτας
Δεν υπάρχουν, Καταχωρήστε ετικέτα πρώτοι!

MARC

LEADER 00000nam a2200000Ia 4500
008 170316s9999 xx 000 0 und d
040 |a cru BVZT 
090 |a 862 L-7c 
100 |a Lara, José Gerardo Manrique de 
245 |a El crimen fue en Granada 
260 |a Madrid, España 
260 |b Asociación de Escritores y Artistas Españoles 
260 |c 1985 
300 |a 85 páginas 
650 |a LITERATURA ESPAÑOLA 
999 |c 10089  |d 10089 
942 |c 15 D  |h 862 L-7c  |2 z